| 000 | 01079nam a2200301 i 4500 | ||
|---|---|---|---|
| 001 | 185473 | ||
| 003 | SpMaBN | ||
| 005 | 20260616174605.0 | ||
| 008 | 160608s1987 sp |||| |bspa d | ||
| 020 | _a84-7223-253-0 | ||
| 080 | _a929 Jünger, Ernst | ||
| 080 | _a94(4)"1914/18"(093.3) | ||
| 080 | _a821.112.2-94"19" | ||
| 100 | 1 |
_aJünger, Ernst, _d1895-1998 _967294 |
|
| 245 | 1 | 0 |
_aTempestades de acero _b; seguido de El bosquecillo 125 ; y El estallido de la guerra de 1914 / _cErnst Jünger ; traducción del alemán de Andrés Sánchez Pascual. |
| 250 | _a1ª ed. | ||
| 260 |
_aBarcelona : _bTusquets, _c1987. |
||
| 300 |
_aXII, 448 p. ; _c21 cm. |
||
| 490 | 1 |
_aAndanzas ; _v53 |
|
| 600 | 1 | 4 |
_aJünger, Ernst, _d1895-1998 _967294 |
| 650 | 0 | 7 |
_aGuerra mundial, 1914-1918- _vRelatos personales. _913227 |
| 700 | 1 |
_aSánchez Pascual, Andrés. _9102833 |
|
| 740 | 3 | 2 | _aEl bosquecillo 125. |
| 740 | 3 | 2 | _aEl estallido de la guerra de 1914. |
| 830 | 0 | 0 |
_aColección Andanzas _v53 _9234359 |
| 852 |
_aES-MaACL _jL-30362 _z. - Donat. Miguel A. Velasco |
||
| 999 |
_c185473 _d185473 |
||